000 00799nam a22002657a 4500
001 BR9102935
003 BR-BrBNA
005 20230928093625.0
007 ta
008 230509b bl.||||| |||| 00| 0 por d
040 _aBR-BrBNA
_bpor
_cBiblioteca Nacional de Agricultura
041 _a(Por)
072 _aP10
090 _ P10 BR9102935
100 1 _aTuratti, A.L.
110 1 _aEscola Superior de Agricultura Luiz de Queiroz, Piracicaba, SP (Brasil)
_0Tese (Doutorado)
245 1 _aVariabilidade do armazenamento de agua em terra roxa estruturada
260 3 _aPiracicaba, SP (Brasil):
_c1990.
300 _a88 p.
500 _a43 ref.; Summaries (Eng, Por); 22 graphs
650 _aAGUA DO SOLO
650 _aLATOSSOLO ROXO
909 _a202309
_bLucia
_c55
_dLucia Elande
942 _cBK
999 _c46070
_d46070